ბათუმის შოთა რუსთაველის სახელმწიფო უნივერსიტეტის ბიბლიოთეკა

ფიზიკა : (ბიბ.ჩანაწერი № 53002)

000 -ლიდერი
ფიქსირებული სიგრძის საკონტროლო ველი 01440nam a2200277Ia 4500
001 - საკონტროლო ნომერი
საკონტროლო ველი 20033
003 - საკონტროლო ნომრის იდენტიფიკატორი
საკონტროლო ველი GE_BSU
005 - ბოლო ოპერაციის თარიღი და დრო
საკონტროლო ველი 20250319171555.0
008 - ფიქსირებული სიგრძის მონაცემთა ელემენტები - ზოგადი ინფორმაცია
ფიქსირებული სიგრძის საკონტროლო ველი 181216s2012||||ge |||||||||||||| ||geo||
020 ## - წიგნის საერთაშორისო სტანდარტული ნომერი
International Standard Book Number 978-9941-439-67-4
040 ## - კატალოგიზაციის წყარო
Transcribing agency GE_BSU
041 ## - ენის კოდი
Language code of text/sound track or separate title geo
080 ## - უნივერსალური ათობითი კლასიფიკაციის ინდექსი
Universal Decimal Classification number 53(075.3) გ-27
100 ## - მთავარი ჩანაწერი - პიროვნების სახელი
Personal name გედენიძე, გიორგი
9 (RLIN) 24615
245 ## - ცნობა სათაურის შესახებ
Title ფიზიკა :
Remainder of title მე-11 კლ. სახელმძღვ. /
Statement of responsibility, etc გიორგი გედენიძე, ეთერ ლაზარაშვილი ; რედ. : გვანცა გედენიძე, ნათია მამულაშვილი.
264 ## - წარმოების, გამოცემის, დისტრიბუციის და სხვა ცნობები
გამოცემის, წარმოების, დისტრიბუციის... ადგილი თბილისი :
გამოცემის, წარმოების, დისტრიბუციის... სახელწოდება ინტელექტი,
გამოცემის, წარმოების, დისტრიბუციის... თარიღი 2012.
300 ## - ფიზიკური აღწერა
Extent 143 გვ. ;
Dimensions 27 სმ.
500 ## - ზოგადი შენიშვნა
General note წანართი : საქ. სახელმწ. ჰიმნი "თავისუფლება"
520 ## - SUMMARY, ETC.
Summary, etc წანართი: საქ. სახელმწ. ჰიმნი "თავისუფლება
653 ## - INDEX TERM--UNCONTROLLED
Uncontrolled term ფიზიკა : მე-11 კლ. სახელმძღვ.
700 ## - ADDED ENTRY--PERSONAL NAME
Personal name ლაზარაშვილი, ეთერ
Relator term ავტორი
9 (RLIN) 24616
700 ## - ADDED ENTRY--PERSONAL NAME
Personal name გედენიძე, გვანცა
Relator term რედაქტორი
9 (RLIN) 24617
700 ## - ADDED ENTRY--PERSONAL NAME
Personal name მამულაშვილი, ნათია
Relator term რედაქტორი
9 (RLIN) 24618
942 ## - ADDED ENTRY ELEMENTS (KOHA)
Koha item type წიგნი
Source of classification or shelving scheme
ეგზემპლარები
ჩამოწერის სტატუსი დაკარგული ეგზემპლარის სტატუსი კლასიფიკაციის წყარო ან თაროზე გაწყობის სქემა დაზიანების სტატუსი არ გაიცემა მუდმივი მდებარეობა (დაცვის ადგილი) ამჟამინდელი ადგილსამყოფელი თაროზე განთავსების ადგილი შეძენის თარიღი ღირებულება, შესყიდვის ნორმალური ფასი სრული შენახვის შიფრი შტრიხკოდი ბოლო ოპერაციის თარიღი ეგზემპლარის მიმდევრობითი ნომერი (კეტერი?) ფასის ძალაში შესვლის თარიღი ეგზემპლარის სახეობა საჯარო შენიშვნა
          ბათუმის შოთა რუსთაველის სახელმწიფო უნივერსიტეტის მთავარი ბიბლიოთეკა ბათუმის შოთა რუსთაველის სახელმწიფო უნივერსიტეტის მთავარი ბიბლიოთეკა წიგნსაცავი 2018-12-17 7.00 53(075.3) გ-27 27823 2018-12-17 27823 2018-12-17 წიგნი 7.00 ₾.